| 000 | 00434nam a2200157Ia 4500 | ||
|---|---|---|---|
| 008 | 151213s9999 xx 000 0 und d | ||
| 100 | _aRochunga Pudaite | ||
| 245 |
_aThe Grates Is Love .The Living New Testament, from The Living Bible _cRochunga Pudaite |
||
| 250 | _a1st | ||
| 260 |
_aNew Delhi _bPartnership Mission _c1967 |
||
| 300 | _a3774 p. | ||
| 650 | _aLaw | ||
| 650 | _aLaw | ||
| 700 | _aRochunga Pudaite | ||
| 999 |
_c2488 _d2488 |
||